| 000 | 00778nam a2200193Ii 4500 | ||
|---|---|---|---|
| 003 | JO-AjNU | ||
| 008 | 230605s9999||||xx |||||||||||||| ||und|| | ||
| 040 |
_aJO-AjNU _bara _erda _cJO-AjNU |
||
| 041 | _aara | ||
| 050 | 1 | 4 | _aPJ6074 1998 |
| 100 | 3 |
_aتاليف الملاحويش،عمر؛م.مشارك: الحلواني،محمد خير الحلواني؛ بدر أحمد ضيف؛ علي إبراهيم أبو زيد, _eauthor _910896 |
|
| 245 | 0 | 0 | _aاللغة العربية نصوص وتطبيقات |
| 264 | 3 | 1 | _aالعين: مكتبة المكتبة، 1998 |
| 300 | _a375ص | ||
| 336 |
_atext _btxt _2rdacontent |
||
| 337 |
_aunmediated _bn _2rdamedia |
||
| 338 |
_avolume _bnc _2rdacarrier |
||
| 650 | 4 |
_aاللغة العربية-اللغة-نصوص وتطبيقات _910897 |
|
| 999 |
_aA2044 _c5612 _d5612 |
||